[Event "Lovsprings op 11th B"]
[Site "Ringsted"]
[Date "2000.04.07"]
[Round "3"]
[White "Vandrup, Lars"]
[Black "Eckert, Svend"]
[Result "0-1"]
[WhiteElo "1674"]
[BlackElo "1650"]
[PlyCount "82"]
[EventDate "2000.03.24"]
[EventType "swiss"]
[EventRounds "7"]
[EventCountry "DEN"]
[SourceTitle "EXT 2023"]
[Source "ChessBase"]
[SourceDate "2022.10.05"]
[SourceVersion "1"]
[SourceVersionDate "2022.10.05"]
[SourceQuality "1"]

1. e4 c5 2. Nf3 Nc6 3. d4 cxd4 4. Nxd4 Nf6 5. Nc3 d6 6. Bc4 e6 7. f3 Be7 8. Be3 0-0 9. Qd2 Ne5 10. Bb3 a6 11. a4 Bd7 12. 0-0 Rc8 13. Qf2 Qc7 14. Rab1 Nc4 15. Bc1 e5 16. Nde2 d5 17. Bxc4 Qxc4 18. b3 Qc6 19. Qg3 d4 20. Qxe5 Bd6 21. Qg5 dxc3 22. e5 Qc5+ 23. Kh1 Qxe5 24. Qxe5 Bxe5 25. Ba3 Rfe8 26. Ng3 Bxg3 27. hxg3 Re2 28. Rfe1 Rxc2 29. g4 h6 30. Rbd1 Bc6 31. Rd3 Nd5 32. Bc1 Kh7 33. Kh2 Nb4 34. Rde3 Na2 35. Ba3 Rd8 36. Kg3 Rdd2 37. Rg1 Re2 38. Rxe2 Rxe2 39. Rh1 f6 40. Rg1 a5 41. Kf4 Bd5 0-1